00947nam a2200277 i 4500001000700000003000900007005001700016007000300033008004100036020001800077080002000095080002200115100002700137245008000164250001200244260003600256300002900292490001900321594005100340600002400391650003500415830002700450852005100477999001900528952012200547105990ES-MaACL20230906184028.0t|060919s1974 sp ||||1| cat d a84-7306-059-8 a929 Nin, Andreu a330.85/.86(467.1)1 aAlba, Víctor.91919813aEl marxisme a Catalunya (1919-1939). nIII, pAndreu Nin / cVíctor Alba. a1ª ed. aBarcelona : bPórtic, c1974. a1 v. (249 p.) ; c22 cm.1 aNártex ; v5 aVíctor Alba: seud. de Pedro Pagés Elías.14aNin, Andreu.985748 aComunismo-zCataluña.9112141 aNártex ; v59232794 aES-MaACLjAND-983 z- Biblioteca Juan Andrade c105990d105990 00104070aATENEOMbATENEOMcDEPO2d2008-01-17eSCl0oAND-983p1110652r2023-02-23 00:00:00w2023-02-23yMONOGRAFIA